| 000 | 02637cam a22005774i 4500 | ||
|---|---|---|---|
| 003 | PE-LiUPU | ||
| 005 | 20250731180130.0 | ||
| 008 | 150625s r 000 0 d | ||
| 020 | _a9684444834 | ||
| 035 | _a(Sirsi) i9789684444836 | ||
| 040 |
_aPE-LiUPU _bspa _cPE-LiUPU _erda |
||
| 049 | _aPRUA | ||
| 082 | 0 | 4 |
_a515.35 _bN16 _221 |
| 100 | 1 |
_aNagle, Kent R., _eautor. |
|
| 245 | 1 | 0 |
_aEcuaciones diferenciales : _by problemas con valores en la frontera / _cR. Kent Nagle .. [et..alt]. |
| 250 | _a3a | ||
| 264 | 1 |
_aMéxico : _bPearson Educación, _c2001. |
|
| 300 |
_a760 páginas : _bTablas,figuras ; _c26 centímetros |
||
| 300 | _aCD-Rom | ||
| 336 |
_atext _2rdacontent |
||
| 337 |
_aunmediated _2rdamedia |
||
| 338 |
_avolume _2rdacarrier |
||
| 505 | 0 | _aEcuaciones diferenciales de primer orden. -Modelos matemáticos y métodos numéricos que implican ecuaciones de primer orden. -Ecuaciones lineales de segundo orden. -Introducción a los sistemas y el análisis del plano fase. -Teoría de ecuaciones diferenciales lineales de orden superior. -Transformadas de laplace. -Soluciones de ecuaciones diferenciales mediante series. -Métodos matriciales para sistemas lineales. -Ecuaciones diferenciales parciales. -Problemas de valores propios y ecuaciones de sturm-liouville. | |
| 526 | _aSEG44 | ||
| 526 | _aSEG26 | ||
| 526 | _aP159 | ||
| 526 | _aP155 | ||
| 526 | _aP154 | ||
| 526 | _aP153 | ||
| 526 | _aP150 | ||
| 526 | _aP100 | ||
| 526 | _aP31 | ||
| 526 | _aP30 | ||
| 526 | _aP26 | ||
| 526 | _aP25 | ||
| 526 | _aP24 | ||
| 526 | _aP22 | ||
| 526 | _aP15 | ||
| 526 | _aP10 | ||
| 541 | _g001-026339; | ||
| 650 | 0 | 4 |
_aEcuaciones Diferenciales _xProblemas,Ejercicios,etc. |
| 650 | 0 | 4 | _aProblemas de valores de frontera. |
| 942 |
_2ddc _cBOOK |
||
| 949 |
_a515.35 N16 _wDEWEY _c1 _i57176 _d2015-11-30 _e2015-11-30 _lCCODEBUL1 _mBUL _n1 _p36.00 _r0 _sY _tBOOK _u2015-6-25 _xINGENIERIA _zUNKNOWN _0COMPRA _o.STAFF. Colección General |
||
| 949 |
_a515.35 N16 _wDEWEY _c2 _i55191 _lCCODEBUL1 _mBUL _p17.00 _r0 _sY _tBOOK _u2015-6-25 _xINGENIERIA _zUNKNOWN _0COMPRA _o.STAFF. Colección General |
||
| 994 |
_aC0 _bPEPRU |
||
| 596 | _a1 | ||
| 999 |
_a515.35 N16 _wDEWEY _c44119 _i57176 _d44119 _e2019-11-27 _f2021-11-5 _g7 _lCCODEBUL1 _mBUL _n2 _p36.00 _q2 _r0 _sY _tBOOK _u2015-6-25 _xBIBLIOTECA _zUNKNOWN _0COMPRA _o.STAFF. Colección General |
||
| 999 |
_a515.35 N16 _wDEWEY _c2 _i55191 _f2021-11-5 _g7 _lCCODEBUL1 _mBUL _p17.00 _r0 _sY _tBOOK _u2015-6-25 _xBIBLIOTECA _zUNKNOWN _0COMPRA _o.STAFF. Colección General |
||
| 980 |
_81 _gALBERTO SANCHEZ Responsable de Automatización |
||